Beekeeping: A concise guide (Record no. 395058)

MARC details
000 -LEADER
fixed length control field 00519 a2200205 4500
005 - DATE & TIME
control field 20260204145907.0
008 - FIXED-LENGTH DATA ELEMENTS--GENERAL INFORMATION
fixed length control field 260204b |||||||| |||| 00| 0 eng d
020 ## - ISBN
International Standard Book Number 9789391418076
Price Rs. 3650.00
040 ## - CATALOGING SOURCE
Original cataloging agency VIVEKANANDA LIBRARY
082 ## - DDC NUMBER
Classification number 595.79
Book Number A87B
100 ## - MAIN ENTRY--PERSONAL NAME
Personal name Abrol, Dharam P
245 ## - TITLE STATEMENT
Title Beekeeping: A concise guide
260 ## - PUBLICATION, DISTRIBUTION, ETC. (IMPRINT)
Name of publisher, distributor, etc Scientific Publishers
Date of publication, distribution, etc 2024
Place of publication, distribution, etc Jodhpur
300 ## - PHYSICAL DESCRIPTION
Pages xxii, 500
650 ## - Subject
Subject Apiculture
650 ## - Subject
Subject Beekeeping
650 ## - Subject
Subject Insect Culture
650 ## - Subject
Subject Zoology
942 ## - ADDED ENTRY ELEMENTS (KOHA)
Koha item type Books
Holdings
Withdrawn status Lost status Source of classification or shelving scheme Damaged status Not for loan Location (home branch) Sublocation or collection (holding branch) Shelving location Date acquired Koha issues (times borrowed) Koha full call number Accession No. Koha date last seen Koha item type
    Dewey Decimal Classification     VIVEKANANDA LIBRARY VIVEKANANDA LIBRARY Vivekananda Library 06/01/2026   595.79 A87B 444107 06/01/2026 Books
© Designed and Maintained by Vivekananda Library, MDU Rohtak